000 00439nam a2200169Ia 4500
008 240729s9999 xx 000 0 und d
022 _a2052-2525
245 0 _aIUCrJ
260 _aUnited Kingdom
260 _bInternational Union of Crystallography
650 _a Chemistry
650 _a Crystallography
650 _aScience
856 _uhttps://doaj.org/toc/684443372cdc467395ced56417386167
942 _2ddc
942 _cDOAJEJ
999 _c73031
_d73031
945 _a1
_bMadushi Gamage
_c1
_dMadushi Gamage